IMDb Top Rated TV Episodes - Statistics

General Stats
  • This quiz has been taken 49 times
    31 since last reset
  • The average score is 11 of 31
Answer Stats
Episode Title Show % Correct
Plan and Execution | Saul Gone | Point and Shoot Better Call Saul
96%
Ozymandias | Face Off | Felina | To'hajiilee Breaking Bad
96%
The Rains of Castamere | Battle of the Bastards | The Winds of Winter Game of Thrones
96%
Midnight Sun | That Day | Declaration of War | The War Hammer Titan | Assault | Memories of the Future | From You, 2000 Years Ago Attack on Titan
77%
Dora's World Adventure Dora the Explorer
73%
Sozin's Comet, Part 4: Avatar Aang | Sozin's Comet, Part 3: Into the Inferno Avatar: The Last Airbender
65%
The View from Halfway Down BoJack Horseman
62%
407 Proxy Authentication Required | Hello, Elliot Mr. Robot
50%
Anger × and × Light | Zero × and × Rose Hunter x Hunter
46%
Goodbye, Michael | Finale The Office
46%
Nakama no Itami wa Waga Itami: Zoro Kesshi no Tatakai One Piece
42%
End of the Prologue Vinland Saga
35%
Everyone's Waiting Six Feet Under
35%
The Secret Box/Band Geeks SpongeBob SquarePants
35%
Connor's Wedding Succession
31%
Blink Doctor Who
27%
Charlie Work It's Always Sunny in Philadelphia
27%
A Regular Epic Final Battle Regular Show
27%
Re; Code Geass
23%
The Getaway Dexter
19%
Somewhere in the Woods Gravity Falls
15%
Victory and Death Star Wars: The Clone Wars
15%
Never Give Up Demon Slayer: Kimetsu no Yaiba
12%
Modern Warfare | Remedial Chaos Theory Community
8%
Mizumono Hannibal
8%
Chapter 16: The Rescue The Mandalorian
8%
Black Oath Black Clover
4%
The Magician Doesn't Return | Dream: To See It to the End Legend of the Galactic Heroes
4%
The Great End Tomorrow's Joe
4%
A Step Further Fighting Spirit
0%
Epitome of the Instinctual Type Kingdom
0%
No matching quizzes found
Score Distribution
Percent of People with Each Score
Percentile by Number Answered
Your Score History
You have not taken this quiz since the last reset